000 01006nas a2200337 4500
001 BR2019000579
003 BR-BrBNA
005 20231205131619.0
007 ta
008 230509b bl.|||p| |||| 00| 00por d
040 _aBR-BrBNA
_bpor
_cBiblioteca Nacional de Agricultura
041 _a(En)
072 _aL74
100 1 _aPrates, K.S.
100 1 _aBianchi, M.V.
100 1 _aMello, L.S. de
100 1 _aMatesco, V.C.
100 1 _aLorenzo, C. de
100 1 _aDriemeier, D.
100 1 _aPavarini, S.P.
245 1 _aSpinal cord anaplastic meningioma with extra-neural metastasis in a cat
650 _aGATO
650 _aMEDULA ESPINHAL
650 _aDISTÚRBIO FISIOLÓGICO
650 _aATAXIA
650 _aDIAGNÓSTICO
773 0 _tCiência Rural (Brazil)
_xISSN 1678-4596
_g(2018), v. 48(7) p. 1-4
_wBR2019000579
856 4 0 _uhttp://www.scielo.br/pdf/cr/v48n7/1678-4596-cr-48-07-e20180063.pdf
909 _a202311
_bLúcia
_c55
_dLúcia Elande
942 _2AGRIS
_n0
_cANA
999 _c255729
_d255729